Architects' data / (Record no. 353443)

000 -LEADER
fixed length control field 01598cam a22004094a 4500
001 - CONTROL NUMBER
control field 12024486
003 - CONTROL NUMBER IDENTIFIER
control field OSt
005 - DATE AND TIME OF LATEST TRANSACTION
control field 20180116192407.0
008 - FIXED-LENGTH DATA ELEMENTS--GENERAL INFORMATION
fixed length control field 000530s1999 enka | bf 001 0 eng
010 ## - LIBRARY OF CONGRESS CONTROL NUMBER
LC control number 00042905
020 ## - INTERNATIONAL STANDARD BOOK NUMBER
International Standard Book Number 0632037768 (hb)
020 ## - INTERNATIONAL STANDARD BOOK NUMBER
International Standard Book Number 0632057718 (pbk.)
020 ## - INTERNATIONAL STANDARD BOOK NUMBER
International Standard Book Number 9780632057719
040 ## - CATALOGING SOURCE
Original cataloging agency DLC
Transcribing agency DLC
Modifying agency DLC
041 1# - LANGUAGE CODE
Language code of text/sound track or separate title eng
Language code of original ger
042 ## - AUTHENTICATION CODE
Authentication code pcc
050 00 - LIBRARY OF CONGRESS CALL NUMBER
Classification number TH151
Item number .N513 2000
082 00 - DEWEY DECIMAL CLASSIFICATION NUMBER
Classification number 721
Edition number 21
100 1# - MAIN ENTRY--PERSONAL NAME
Personal name Neufert, Ernst.
9 (RLIN) 7156
240 10 - UNIFORM TITLE
Uniform title Bauentwurfslehre.
Language of a work English
245 10 - TITLE STATEMENT
Title Architects' data /
Statement of responsibility, etc. Ernst and Peter Neufert.
250 ## - EDITION STATEMENT
Edition statement 3rd ed. /
Remainder of edition statement edited by Bousmaha Baiche and Nicholas Walliman.
260 ## - PUBLICATION, DISTRIBUTION, ETC.
Place of publication, distribution, etc. Oxford ;
-- Malden, MA :
Name of publisher, distributor, etc. Blackwell Science,
Date of publication, distribution, etc. 2000.
300 ## - PHYSICAL DESCRIPTION
Extent ix, 636 p. :
Other physical details ill. ;
Dimensions 30 cm.
504 ## - BIBLIOGRAPHY, ETC. NOTE
Bibliography, etc. note Includes bibliographical references (p. 589-594) and index.
650 #0 - SUBJECT ADDED ENTRY--TOPICAL TERM
Topical term or geographic name entry element Building
Form subdivision Handbooks, manuals, etc.
9 (RLIN) 7157
650 #0 - SUBJECT ADDED ENTRY--TOPICAL TERM
Topical term or geographic name entry element Building
General subdivision Planning
Form subdivision Handbooks, manuals, etc.
9 (RLIN) 7158
650 #0 - SUBJECT ADDED ENTRY--TOPICAL TERM
Topical term or geographic name entry element Architecture
Form subdivision Handbooks, manuals, etc.
9 (RLIN) 7159
700 1# - ADDED ENTRY--PERSONAL NAME
Personal name Neufert, Peter.
9 (RLIN) 7160
700 1# - ADDED ENTRY--PERSONAL NAME
Personal name Baiche, Bousmaha.
9 (RLIN) 7161
700 1# - ADDED ENTRY--PERSONAL NAME
Personal name Walliman, Nicholas.
9 (RLIN) 7162
906 ## - LOCAL DATA ELEMENT F, LDF (RLIN)
a 7
b cbc
c orignew
d 1
e ocip
f 19
g y-gencatlg
942 ## - ADDED ENTRY ELEMENTS (KOHA)
Source of classification or shelving scheme
Koha item type Book
Holdings
Withdrawn status Lost status Source of classification or shelving scheme Damaged status Not for loan Permanent Location Current Location Date acquired Total Checkouts Total Renewals Full call number Barcode Date last seen Date last checked out Copy number Price effective from Koha item type
          School of Art Design and Architecture (SADA) School of Art Design and Architecture (SADA) 02/13/2012 14 8 721 NEU 1999 SADA0001626 01/05/2016 12/16/2015 01 02/13/2012 Book
          School of Art Design and Architecture (SADA) School of Art Design and Architecture (SADA) 02/13/2012 11 4 721 NEU 1999 SADA0001627 11/11/2015 10/14/2015 02 02/13/2012 Book
          School of Art Design and Architecture (SADA) School of Art Design and Architecture (SADA) 02/13/2012 19 7 721 NEU 1999 SADA0001628 08/02/2016 07/20/2016 03 02/13/2012 Book
          School of Art Design and Architecture (SADA) School of Art Design and Architecture (SADA) 02/17/2012 7 2 721NEU 1999 SADA0001629 05/04/2015 03/30/2015 04 02/17/2012 Book
          School of Art Design and Architecture (SADA) School of Art Design and Architecture (SADA) 02/17/2012 4 3 721 NEU 1999 SADA0001630 06/10/2013 05/14/2013 05 02/17/2012 Book
          School of Art Design and Architecture (SADA) School of Art Design and Architecture (SADA) 02/17/2012 6 5 721 NEU 1999 SADA0001631 06/04/2014 05/06/2014 06 02/17/2012 Book
          School of Art Design and Architecture (SADA) School of Art Design and Architecture (SADA) 02/17/2012 5 1 721 NEU 1999 SADA0001632 05/15/2014 05/06/2014 07 02/17/2012 Book
          School of Art Design and Architecture (SADA) School of Art Design and Architecture (SADA) 02/17/2012 5 2 721 NEU 1999 SADA0001633 03/11/2016 02/22/2016 08 02/17/2012 Book
          School of Art Design and Architecture (SADA) School of Art Design and Architecture (SADA) 02/17/2012 8 2 721 NEU 1999 SADA0001634 11/18/2015 11/18/2015 09 02/17/2012 Book
          School of Art Design and Architecture (SADA) School of Art Design and Architecture (SADA) 02/17/2012 9 3 721NEU 1999 SADA0001635 06/25/2015 06/09/2015 10 02/28/2012 Book
© 2023 Central Library, National University of Sciences and Technology. All Rights Reserved.